000 00542nam a22002057a 4500
003 OSt
005 20160225134144.0
008 160225b xxu||||| |||| 00| 0 eng d
020 _a0201178478
040 _cDDC.
082 _a658 WAT 1998.
100 _aWaters Donald;
_96827
245 _aA practiocal introduction to Management Science.
250 _a2nd ed
260 _aEngland.
_bFinancial Times
_c1998.
300 _axii,572p;
_bill;
_c25cm
504 _aincludes index.
650 _amanagement Science.
_95289
942 _2ddc
_cSLOAN
999 _c3073
_d3073